000 01271nam a2200325 a 4500
001 ebr10480285
003 CaPaEBR
006 m u
007 cr cn|||||||||
008 110712s2011 njua sb 001 0 eng d
020 _z9814299871
020 _z9789814299879
020 _z9789814299886 (e-book)
040 _aCaPaEBR
_cCaPaEBR
035 _a(OCoLC)741778618
050 1 4 _aQA273.6
_b.D47 2011eb
245 0 0 _aDependence modeling
_h[electronic resource] :
_bvine copula handbook /
_ceditors, Dorota Kurowicka, Harry Joe.
260 _aHackensack, N.J. :
_bWorld Scientific,
_c2011.
300 _aviii, 360 p. :
_bill.
504 _aIncludes bibliographical references and index.
533 _aElectronic reproduction.
_bPalo Alto, Calif. :
_cebrary,
_d2011.
_nAvailable via World Wide Web.
_nAccess may be limited to ebrary affiliated libraries.
650 0 _aCopulas (Mathematical statistics)
650 0 _aDependence (Statistics)
650 0 _aDistribution (Probability theory)
655 7 _aElectronic books.
_2local
700 1 _aKurowicka, Dorota.
700 1 _aJoe, Harry.
710 2 _aebrary, Inc.
856 4 0 _uhttp://site.ebrary.com/lib/rucke/Doc?id=10480285
_zAn electronic book accessible through the World Wide Web; click to view
999 _c118325
_d118325